000
00317nam a2200121Ia 4500
008
231120s2017 xx 000 0 und d
041
_a
eng
082
_a
751.42
100
_a
JANET WHITTLE
245
_a
HOW TO PAINT FLOWERS AND PLANTS IN WATERCOLOUR
260
_a
SEARCH PRESS
_b
SEARCH PRESS
_c
2017
300
_a
P-127
999
_c
933341
_d
933341